000 00663nam a22002177a 4500
005 20190117143734.0
008 190117b xxu||||| |||| 00| 0 eng d
020 _a9780140446517
_cRs 399
040 _beng
041 _aEnglish
082 _a801.95
_bMUR
245 _aClassical literary criticism
_cTranslated by Penelope Murray and T. S. Dorsch, with an introduction and note by Penelope Murray
260 _aLondon
_bPenguin Books
_c2000
300 _alxiv,188p
_b23 cm
500 _aFirst published 1965
650 _aPoetry
_vRhetoric
_yAncient
700 _4tr.
_aMurray, Penelope
700 _4tr.
_aDorsch, T.S.
850 _aLCLIB
_bPG
942 _cBK
999 _c41925
_d92404